5HLuxD.jpg

KING HENRY VIII SENIOR AND PRIMARY SCHOOL LIBRARY OPAC

Target your maths. (Record no. 2867)

000 -LEADER
fixed length control field 00964nam a2200289 i 4500
001 - CONTROL NUMBER
control field 020782410
003 - CONTROL NUMBER IDENTIFIER
control field UkOxU
005 - DATE AND TIME OF LATEST TRANSACTION
control field 20230829111110.0
008 - FIXED-LENGTH DATA ELEMENTS--GENERAL INFORMATION
fixed length control field 190315s2016 enka 000 0 eng c
020 ## - INTERNATIONAL STANDARD BOOK NUMBER
International Standard Book Number 9781906622619
Qualifying information paperback
035 ## - SYSTEM CONTROL NUMBER
System control number (IeDuTC).b180017755
035 ## - SYSTEM CONTROL NUMBER
System control number (UkMaC)103500005
040 ## - CATALOGING SOURCE
Original cataloging agency IeDuTC
Language of cataloging eng
Description conventions rda
Transcribing agency IeDuTC
Modifying agency UkOxU
-- KH8
082 ## - DEWEY DECIMAL CLASSIFICATION NUMBER
Classification number 510 PEA
100 1# - MAIN ENTRY--PERSONAL NAME
Personal name Pearce, Stephen,
Relator term author.
245 10 - TITLE STATEMENT
Title Target your maths.
Number of part/section of a work Year 1 /
Statement of responsibility, etc. Stephen Pearce.
264 #1 - PRODUCTION, PUBLICATION, DISTRIBUTION, MANUFACTURE, AND COPYRIGHT NOTICE
Place of production, publication, distribution, manufacture Welwyn Garden City, Herts. :
Name of producer, publisher, distributor, manufacturer Elmwood Education,
Date of production, publication, distribution, manufacture, or copyright notice 2016.
300 ## - PHYSICAL DESCRIPTION
Extent 72 pages :
Other physical details illustrations (black and white) ;
Dimensions 29 cm
336 ## - CONTENT TYPE
Content type term text
Source rdacontent
336 ## - CONTENT TYPE
Content type term still image
Source rdacontent
337 ## - MEDIA TYPE
Media type term unmediated
Source rdamedia
338 ## - CARRIER TYPE
Carrier type term volume
Source rdacarrier
500 ## - GENERAL NOTE
General note Title from cover.
650 #0 - SUBJECT ADDED ENTRY--TOPICAL TERM
Topical term or geographic name entry element Mathematics
General subdivision Study and teaching (Elementary)
Geographic subdivision Great Britain.
650 #0 - SUBJECT ADDED ENTRY--TOPICAL TERM
Topical term or geographic name entry element Mathematics
Form subdivision Problems, exercises, etc.
-- Juvenile literature.
942 ## - ADDED ENTRY ELEMENTS (KOHA)
Source of classification or shelving scheme
Koha item type Teaching Resources
Holdings
Withdrawn status Lost status Source of classification or shelving scheme Damaged status Not for loan Collection code Permanent Location Current Location Shelving location Date acquired Full call number Barcode Date last seen Price effective from Koha item type
          Teaching Resources KH8 Primary School Library KH8 Primary School Library Staff Office 2023-08-29 510 PEA TRKHPL000004312 2023-08-29 2023-08-29 Teaching Resources

Powered By KH8 IT Dept